000 00573nam a22001577a 4500
999 _c13854
_d13854
008 190425b ||||| |||| 00| 0 eng d
082 _22018
_aUT 1243
_bB14
100 _aBahilot, Jundell L.
_938542
245 _aAwareness of SHS students towards house bill no. 2338 /
_cJundell L. Bahilot, Raven Mark P. Martin, and Leah F. Ursabia.
260 _aDigos City:
_bUMDC
_cNovember 2018.
300 _a50 pages;
_c30 cm.
650 _aCriminology
_xUndergraduate thesis.
_938543
700 _aMartin, Raven Mark P.
_938544
700 _aUrsabia, Leah F.
_938545
942 _2ddc
_cUT